|
|
|
|
| LEADER |
00000nam a2200000 i 4500 |
| 001 |
DIGEPUJ0457 |
| 003 |
NyNyDIG |
| 007 |
cr ||||||||||| |
| 008 |
241212s2023 ck a ob 000 0 spa d |
| 006 |
m o d |
| 035 |
|
|
|a (OCoLC)1478438059
|
| 040 |
|
|
|a DGITA
|b eng
|e rda
|e pn
|c DGITA
|
| 020 |
|
|
|a 9789587818291
|q (digital)
|
| 020 |
|
|
|z 9789587818284
|q (impreso)
|
| 024 |
7 |
|
|a 10.11144/Javeriana.9789587818291
|2 doi
|
| 043 |
|
|
|a s-ck---
|
| 050 |
1 |
4 |
|a TT166.C7 ebook
|
| 100 |
1 |
|
|a Mayor Mora, Alberto,
|d 1945-
|e author.
|
| 245 |
1 |
4 |
|a Las escuelas de artes y oficios en Colombia, 1860-1960.
|n Vol. 2,
|p Bajo el signo de la máquina /
|c investigador principal, Alberto Mayor Mora ; coinvestigadoras, Ana Cielo Quiñones Aguilar, Gloria Stella Barrera Jurado ; joven investigadora, Juliana Trejos Celis.
|
| 246 |
3 |
0 |
|a Bajo el signo de la máquina
|
| 250 |
|
|
|a Primera edición.
|
| 264 |
|
1 |
|a Bogotá, D.C. :
|b Editorial Pontificia Universidad Javeriana,
|c [2023]
|
| 300 |
|
|
|a 1 online resource :
|b illustrations.
|
| 336 |
|
|
|a text
|b txt
|2 rdacontent
|
| 337 |
|
|
|a computer
|b c
|2 rdamedia
|
| 338 |
|
|
|a online resource
|b cr
|2 rdacarrier
|
| 347 |
|
|
|a text file
|2 rdaft
|
| 347 |
|
|
|b PDF
|
| 347 |
|
|
|b EPUB
|
| 504 |
|
|
|a Includes bibliographical references.
|
| 588 |
0 |
|
|a Online resource; title from PDF title page (Digitalia, viewed December 12, 2024)
|
| 650 |
|
0 |
|a Trade schools
|z Colombia
|x History.
|
| 650 |
|
0 |
|a Art schools
|z Colombia
|x History.
|
| 650 |
|
0 |
|a Industrial arts
|x Study and teaching
|z Colombia
|x History.
|
| 700 |
1 |
|
|a Quiñones Aguilar, Ana Cielo,
|e author.
|
| 700 |
1 |
|
|a Barrera Jurado, Gloria Stella,
|e author.
|
| 700 |
1 |
|
|a Trejos Celis, Juliana,
|e author.
|
| 791 |
2 |
|
|a Digitalia (Firm),
|e distributor.
|
| 793 |
0 |
|
|g Digitalia eBook Collection:
|a Pontificia Universidad Javeriana
|
| 776 |
0 |
8 |
|i Print version:
|a Mayor Mora, Alberto, 1945-
|t Escuelas de artes y oficios en Colombia, 1860-1960. Vol. 2, Bajo el signo de la máquina.
|b Primera edición.
|d Bogotá, D.C. : Editorial Pontificia Universidad Javeriana, [2023]
|z 9789587818284
|
| 856 |
4 |
0 |
|3 Digitalia Hispánica
|u https://www.digitaliapublishing.com/a/160901/
|
| 910 |
|
|
|a Premium collection: 2024
|